| 000 | 01218aam a2200349 i 4500 | ||
|---|---|---|---|
| 001 | 69028 | ||
| 003 | Mx-PuUPA | ||
| 005 | 20220302080944.0 | ||
| 008 | 200430s2015 mx ||||gr|||| 00| 1 spa d | ||
| 020 | _a9786073133661 | ||
| 040 |
_aMx-PuUPA _bspa _cMx-PuUPA _dMx-PuUPA _erda |
||
| 041 | 0 | _aspa | |
| 100 | 1 |
_97381 _aAllende, Isabel _d1942- _eautor |
|
| 245 | 1 | 0 |
_aEl juego de Ripper / _cIsabel Allende |
| 250 | _aPrimera edición | ||
| 264 | 1 |
_aCiudad de México : _bPenguin Random House Grupo Editorial, _c2015 _c©2017 |
|
| 300 |
_a477 páginas ; _c21 cm |
||
| 336 |
_2rdacontent _atexto _btxt |
||
| 337 |
_2rdamedia _asin medio _bn |
||
| 338 |
_2rdacarrier _avolumen _bnc |
||
| 490 | 1 | _aDebolsillo. Bestseller | |
| 500 | _aPublicado en diferentes reimpresiones. | ||
| 650 | 4 |
_aAsesinatos en serie _vNovela |
|
| 650 | 4 | _aHistorias de detectives y de misterio | |
| 650 | 4 |
_aInvestigación de asesinato en serie _vNovela |
|
| 655 | 4 |
_aLiteratura Chilena _ySiglo XXI |
|
| 830 | 0 |
_911582 _aDebolsillo. _pBestseller |
|
| 942 |
_2ddc _cLI _h863.71 _iA435 |
||
| 999 |
_c69028 _d69028 |
||